[Event "29ème Open International d'Echecs d'Avoi"]
[Site "Avoine"]
[Date "2014.07.19"]
[Round "6.29"]
[White "Le Corre, Benjamin"]
[Black "Dreux, Vincent"]
[Result "1-0"]
[WhiteElo "2272"]
[BlackElo "1935"]
[PlyCount "53"]
[EventDate "2014.??.??"]

1. e4 c6 2. d4 d5 3. f3 e6 4. Nc3 Nf6 5. Bf4 Bb4 6. Qd3 Qa5 7. Nge2 c5 8. exd5
Nxd5 9. Bd2 cxd4 10. Qxd4 O-O 11. O-O-O Nc6 12. Qh4 Nce7 13. a3 Nf5 14. Qe1 Be7
15. Nxd5 Qxd5 16. Kb1 b6 17. Ng3 Nxg3 18. hxg3 Rd8 19. Bd3 f5 20. Bc3 Qc6 21.
g4 Re8 22. Qe2 Bd7 23. gxf5 exf5 24. Bc4+ Kh8 25. Bd5 Qb5 26. Qe5 Bf8 27. Rxh7+
1-0

[Event "29ème Open International d'Echecs d'Avoi"]
[Site "Avoine"]
[Date "2014.07.19"]
[Round "6.30"]
[White "Lukasiewicz, Grzegorz"]
[Black "Brehier, William"]
[Result "1/2-1/2"]
[WhiteElo "2265"]
[BlackElo "1933"]
[PlyCount "80"]
[EventDate "2014.??.??"]

1. d4 d5 2. Nf3 Nf6 3. e3 c6 4. c4 e6 5. Nc3 Nbd7 6. Qc2 Bd6 7. Be2 O-O 8. O-O
Re8 9. Rd1 Qe7 10. e4 dxe4 11. Nxe4 Nxe4 12. Qxe4 e5 13. Bg5 Nf6 14. Qh4 e4 15.
Nd2 Bf5 16. c5 Bc7 17. Nc4 Rad8 18. Ne3 Bg6 19. Ng4 e3 20. f4 Rd5 21. Nxf6+
gxf6 22. Bxf6 Qf8 23. Be5 Bxe5 24. fxe5 Red8 25. Rac1 R8d7 26. Bc4 Qxc5 27.
Bxd5 Qxd5 28. Qf4 e2 29. Rd2 c5 30. Rxe2 Qxd4+ 31. Qxd4 cxd4 32. Rd2 Kf8 33.
Kf2 Ke7 34. Rc4 d3 35. Ke3 Ke6 36. Rd4 Rc7 37. Kf4 Rc5 38. Rd6+ Ke7 39. Rd4 Ke6
40. Rd6+ Ke7 1/2-1/2

[Event "29ème Open International d'Echecs d'Avoi"]
[Site "Avoine"]
[Date "2014.07.19"]
[Round "6.31"]
[White "Leriche, Ines"]
[Black "Naudion, Gregoire"]
[Result "1-0"]
[WhiteElo "1901"]
[BlackElo "2167"]
[PlyCount "79"]
[EventDate "2014.??.??"]

1. d4 Nf6 2. c4 c5 3. d5 e6 4. Nc3 exd5 5. cxd5 Bd6 6. e4 O-O 7. Nf3 Bc7 8. Bd3
d6 9. h3 a6 10. a4 Nbd7 11. O-O Re8 12. Bf4 Nf8 13. Re1 Ng6 14. Bh2 Rb8 15. Nd2
Ne5 16. Bf1 Bd7 17. f4 Ng6 18. Nf3 b5 19. e5 Nh5 20. f5 Nh4 21. Nxh4 Qxh4 22.
Qg4 g5 23. Qxh4 gxh4 24. e6 Bc8 25. axb5 Ng7 26. Ne4 Nxf5 27. Nf6+ Kf8 28. Nxe8
Kxe8 29. bxa6 fxe6 30. a7 Ra8 31. Bb5+ Bd7 32. Rxe6+ Ne7 33. Rae1 Bxb5 34.
Rxe7+ Kd8 35. Rxh7 Rxa7 36. Bxd6 Bb6 37. Rxa7 c4+ 38. Kh1 Bxa7 39. Be7+ Kd7 40.
Bxh4 1-0

[Event "29ème Open International d'Echecs d'Avoi"]
[Site "Avoine"]
[Date "2014.07.19"]
[Round "6.32"]
[White "Mattheys, Eddy"]
[Black "Smith, Matthieu"]
[Result "0-1"]
[WhiteElo "1890"]
[BlackElo "2159"]
[PlyCount "64"]
[EventDate "2014.??.??"]

1. d4 Nf6 2. c4 e6 3. Nf3 b6 4. g3 Bb7 5. Bg2 Be7 6. O-O O-O 7. Nc3 Ne4 8. Nxe4
Bxe4 9. Ne5 Bxg2 10. Kxg2 d6 11. Nf3 d5 12. Qc2 c5 13. cxd5 Qxd5 14. Rd1 Na6
15. Qa4 Qb7 16. Qb3 Rac8 17. a3 c4 18. Qc2 Rfd8 19. Kg1 h6 20. Bd2 b5 21. Bc3
Nb8 22. e4 Nd7 23. Qe2 Nf6 24. Re1 Re8 25. Rad1 Ra8 26. Ne5 a5 27. f4 Red8 28.
Qe3 b4 29. axb4 axb4 30. Bd2 Rac8 31. Kg2 Qb6 32. Rc1 Qxd4 0-1

[Event "29ème Open International d'Echecs d'Avoi"]
[Site "Avoine"]
[Date "2014.07.19"]
[Round "6.33"]
[White "Bizovi, Mihai"]
[Black "Roussel, Glenn"]
[Result "1/2-1/2"]
[WhiteElo "2157"]
[BlackElo "1930"]
[PlyCount "87"]
[EventDate "2014.??.??"]

1. d4 Nf6 2. c4 c5 3. d5 b5 4. cxb5 a6 5. bxa6 g6 6. Nc3 Bxa6 7. e4 Bxf1 8.
Kxf1 d6 9. Nf3 Nbd7 10. g3 Bg7 11. Kg2 O-O 12. a4 Ra6 13. Ra3 Qa8 14. Re1 Rb8
15. Nb5 Ne8 16. Qc2 Rb7 17. Bd2 Nc7 18. Nxc7 Rxc7 19. Bc3 Rb7 20. Bxg7 Kxg7 21.
Rea1 Rb4 22. Nd2 f5 23. f3 Ne5 24. R1a2 Ra5 25. Nf1 Rc4 26. Rc3 Rcxa4 27. Rxa4
Rxa4 28. exf5 Rb4 29. Ne3 Qb7 30. b3 c4 31. Nxc4 Qxd5 32. Nxe5 Qxe5 33. fxg6
hxg6 34. Rc7 d5 35. Qc3 Qxc3 36. Rxc3 Kf6 37. Kf2 d4 38. Rd3 Ke5 39. Ke2 Rb8
40. h4 Kd5 41. Kd1 Rc8 42. Ke2 Rc1 43. Rd1 Rc3 44. Rd3 1/2-1/2

[Event "29ème Open International d'Echecs d'Avoi"]
[Site "Avoine"]
[Date "2014.07.19"]
[Round "6.34"]
[White "Schmit, Vincent"]
[Black "Travadon, Loic"]
[Result "1/2-1/2"]
[WhiteElo "2144"]
[BlackElo "1892"]
[PlyCount "66"]
[EventDate "2014.??.??"]

1. e4 c5 2. Nf3 Nc6 3. d4 cxd4 4. Nxd4 g6 5. Be3 Bg7 6. Nc3 Nf6 7. f3 O-O 8.
Qd2 d5 9. O-O-O Nxd4 10. Bxd4 dxe4 11. fxe4 Be6 12. Qg5 Nxe4 13. Nxe4 Bxd4 14.
c3 Bf6 15. Nxf6+ exf6 16. Rxd8 fxg5 17. Rxa8 Rxa8 18. b3 Rc8 19. Kc2 Bd5 20.
Rg1 Re8 21. Bd3 f5 22. c4 Bc6 23. b4 b6 24. Kc3 Kf7 25. a4 a5 26. bxa5 bxa5 27.
g3 Rd8 28. Re1 Kf6 29. c5 f4 30. Bb5 Bg2 31. Bf1 Bc6 32. Bb5 Bg2 33. Bf1 Bc6
1/2-1/2

[Event "29ème Open International d'Echecs d'Avoi"]
[Site "Avoine"]
[Date "2014.07.19"]
[Round "6.35"]
[White "Brard, Laurent"]
[Black "Malassagne, Raphael"]
[Result "1/2-1/2"]
[WhiteElo "1882"]
[BlackElo "2138"]
[PlyCount "139"]
[EventDate "2014.??.??"]

1. d4 c6 2. c4 Nf6 3. Nc3 d5 4. cxd5 cxd5 5. Nf3 Nc6 6. Bf4 a6 7. Ne5 e6 8. e3
Qa5 9. Bd3 Be7 10. O-O O-O 11. g4 Nd7 12. Nxc6 bxc6 13. g5 g6 14. h4 Qd8 15.
Qc2 c5 16. Qb1 cxd4 17. exd4 Nb6 18. Kh1 Bd6 19. Bxd6 Qxd6 20. f4 Nc4 21. h5
Ra7 22. Rf2 Qb6 23. Ne2 Qxb2 24. hxg6 fxg6 25. Qxb2 Nxb2 26. Bc2 Rc7 27. Bb3 a5
28. Rf3 a4 29. Rb1 Ba6 30. Rxb2 axb3 31. axb3 Rfc8 32. Rf2 Rb8 33. Kh2 Rb4 34.
Kg3 Kf7 35. Rh2 Kg7 36. Rf2 Rc6 37. Rf3 h5 38. gxh6+ Kxh6 39. Re3 Kg7 40. Kf3
Kf6 41. Rd2 Bb5 42. Nc3 Ba6 43. Na4 Rb7 44. Nc5 Rh7 45. Kg3 Rh1 46. Kg2 Ra1 47.
Nxa6 Raxa6 48. Kf3 Ra1 49. Rdd3 Rc2 50. b4 Rb1 51. Rb3 Rcb2 52. Rbc3 Rf1+ 53.
Kg4 Rbf2 54. Rb3 Rxf4+ 55. Kg3 Rf5 56. b5 Rg5+ 57. Kh2 Rh5+ 58. Kg2 Rc1 59. b6
Rh8 60. b7 Rb8 61. Rb6 Rc7 62. Rexe6+ Kf5 63. Re5+ Kf4 64. Rf6+ Kg4 65. Rxg6+
Kf4 66. Rf6+ Kg4 67. Rg6+ Kf4 68. Rf6+ Kg4 69. Rg6+ Kf4 70. Rf6+ 1/2-1/2

[Event "29ème Open International d'Echecs d'Avoi"]
[Site "Avoine"]
[Date "2014.07.19"]
[Round "6.36"]
[White "Beaugeard, Meddy"]
[Black "Dubois, Pierre"]
[Result "0-1"]
[WhiteElo "1875"]
[BlackElo "2124"]
[PlyCount "80"]
[EventDate "2014.??.??"]

1. Nf3 Nf6 2. d4 g6 3. g3 Bg7 4. Bg2 O-O 5. O-O d6 6. c4 Nc6 7. Nc3 a6 8. h3
Rb8 9. a4 e5 10. d5 Na5 11. Nd2 c5 12. Qc2 Bd7 13. b3 Qc7 14. g4 Rfe8 15. Ra2
b5 16. axb5 axb5 17. Bb2 bxc4 18. bxc4 Rb7 19. Rfa1 Reb8 20. Nd1 Nb3 21. Nxb3
Rxb3 22. Bc3 Qc8 23. Ra6 R3b6 24. R6a3 Ne8 25. e4 f5 26. f3 Nf6 27. Nf2 Bh6 28.
Bf1 Be3 29. Kg2 Bxf2 30. Kxf2 fxe4 31. fxe4 Bxg4 32. hxg4 Qxg4 33. Bg2 Qf4+ 34.
Ke2 Ng4 35. Qd2 Qf2+ 36. Kd3 Qg3+ 37. Kc2 Ne3+ 38. Kc1 Nxg2 39. Bxe5 Qxe5 40.
Qxg2 Qf4+ 0-1

[Event "29ème Open International d'Echecs d'Avoi"]
[Site "Avoine"]
[Date "2014.07.19"]
[Round "6.37"]
[White "Rubino, William"]
[Black "Marcel, Jean-Francois"]
[Result "1-0"]
[WhiteElo "2116"]
[BlackElo "1891"]
[PlyCount "37"]
[EventDate "2014.??.??"]

1. e4 c6 2. d4 d5 3. e5 g6 4. Bd3 Bg7 5. Ne2 h5 6. Bg5 Qb6 7. Nd2 Nh6 8. Nb3
Na6 9. c3 Nf5 10. a4 Nb8 11. Nf4 e6 12. a5 Qc7 13. Qe2 Ne7 14. Nc5 b6 15. axb6
Qxb6 16. b4 Bd7 17. Bxe7 Kxe7 18. Bxg6 Bh6 19. Qxh5 1-0

[Event "29ème Open International d'Echecs d'Avoi"]
[Site "Avoine"]
[Date "2014.07.19"]
[Round "6.38"]
[White "Bouvet, Florian"]
[Black "Micottis, Dorian"]
[Result "0-1"]
[WhiteElo "1854"]
[BlackElo "2108"]
[PlyCount "80"]
[EventDate "2014.??.??"]

1. e4 c5 2. Nf3 e6 3. b3 a6 4. Bb2 Nc6 5. c4 Nf6 6. Nc3 e5 7. g3 d6 8. d3 g6 9.
Bg2 Bg7 10. O-O O-O 11. Nd2 Nd4 12. Ne2 Rb8 13. Nxd4 exd4 14. h3 Ne8 15. f4 f5
16. Nf3 Nc7 17. Qd2 Re8 18. Rfe1 b5 19. exf5 Bxf5 20. g4 bxc4 21. bxc4 Bxd3 22.
Bxd4 cxd4 23. Qxd3 Ne6 24. Rxe6 Rxe6 25. Ng5 Re7 26. Bd5+ Kh8 27. f5 Qe8 28.
Ne6 gxf5 29. gxf5 Be5 30. Rb1 Qg8+ 31. Kh1 Rxb1+ 32. Qxb1 Re8 33. Qd3 Rb8 34.
Nxd4 Qg5 35. Nb3 a5 36. a4 Qf4 37. Kg1 Rxb3 38. Qxb3 Bd4+ 39. Kh1 Qf1+ 40. Kh2
Qg1# 0-1

[Event "29ème Open International d'Echecs d'Avoi"]
[Site "Avoine"]
[Date "2014.07.19"]
[Round "6.39"]
[White "Marimoutou, Loic"]
[Black "Guinovart, Jose"]
[Result "1-0"]
[WhiteElo "2081"]
[BlackElo "1889"]
[PlyCount "47"]
[EventDate "2014.??.??"]

1. e4 d5 2. exd5 Nf6 3. Nc3 Nxd5 4. Bc4 Nf6 5. Nf3 e6 6. d3 Be7 7. Qe2 a6 8. a4
O-O 9. O-O Nc6 10. Re1 b6 11. Ne4 Bb7 12. c3 Na5 13. Ba2 c5 14. Neg5 Bxf3 15.
Nxf3 Qc8 16. Ng5 Bd6 17. Qf3 Qc6 18. Qh3 c4 19. dxc4 Nxc4 20. Bb1 g6 21. Ne4
Nd5 22. b3 Be5 23. bxc4 Nxc3 24. Nxc3 1-0

[Event "29ème Open International d'Echecs d'Avoi"]
[Site "Avoine"]
[Date "2014.07.19"]
[Round "6.41"]
[White "De Lussac, Estephe"]
[Black "Fruteau, Sabine"]
[Result "0-1"]
[WhiteElo "1843"]
[BlackElo "2065"]
[PlyCount "110"]
[EventDate "2014.??.??"]

1. e4 d5 2. exd5 Qxd5 3. Nc3 Qd6 4. d4 Nf6 5. Nf3 a6 6. g3 Bg4 7. h3 Bh5 8. Bg2
Nc6 9. Be3 O-O-O 10. O-O e5 11. dxe5 Nxe5 12. Qe2 Nxf3+ 13. Bxf3 Bxf3 14. Qxf3
Qe6 15. Kg2 Nd5 16. Nxd5 Rxd5 17. Rfe1 Re5 18. Bd2 Bd6 19. Bc3 Rxe1 20. Rxe1
Qg6 21. Qe3 Kb8 22. Bd4 f5 23. f4 Rd8 24. Bc3 Qf7 25. Qe6 Qxe6 26. Rxe6 g6 27.
h4 Kc8 28. h5 Rg8 29. Kf3 Kd7 30. hxg6 hxg6 31. Re2 g5 32. Be5 g4+ 33. Kg2 Re8
34. Rd2 Kc6 35. Bxd6 cxd6 36. Kf2 b5 37. Rd3 b4 38. a3 a5 39. axb4 axb4 40. Rd1
Re4 41. Rd2 Kc5 42. Rd3 Re7 43. Rd1 Rh7 44. Kg2 Ra7 45. b3 Ra2 46. Rd2 Ra1 47.
Kf2 Rc1 48. Ke3 d5 49. Rg2 Rf1 50. Ke2 Rf3 51. Kd2 Kd4 52. Rg1 Rf2+ 53. Kd1 Kc3
54. Rh1 Rd2+ 55. Ke1 Rxc2 0-1

[Event "29ème Open International d'Echecs d'Avoi"]
[Site "Avoine"]
[Date "2014.07.19"]
[Round "6.42"]
[White "Dubois, Marie"]
[Black "Flick, Antoine"]
[Result "0-1"]
[WhiteElo "1834"]
[BlackElo "2056"]
[PlyCount "66"]
[EventDate "2014.??.??"]

1. d4 Nf6 2. c4 g6 3. f3 e6 4. e4 d5 5. Nc3 dxe4 6. fxe4 e5 7. Bg5 h6 8. Bxf6
Qxf6 9. Nf3 Nc6 10. Nd5 Qd8 11. dxe5 Bg7 12. Qd2 Nxe5 13. Qf4 Qd6 14. O-O-O O-O
15. Kb1 Nxf3 16. Qxd6 Nd2+ 17. Rxd2 cxd6 18. Bd3 Be5 19. Bc2 Bd7 20. Rf1 Kg7
21. g3 Rac8 22. Bb3 f5 23. Rdf2 fxe4 24. Nf4 e3 25. Re2 Bxf4 26. Rxf4 Rxf4 27.
gxf4 Re8 28. Bc2 Bg4 29. Re1 Kf6 30. Bd3 Bf5 31. Kc2 e2 32. Kd2 Bxd3 33. Kxd3
Kf5 0-1

[Event "29ème Open International d'Echecs d'Avoi"]
[Site "Avoine"]
[Date "2014.07.19"]
[Round "6.43"]
[White "Gomes, Alexis"]
[Black "Secouard, Stephane"]
[Result "0-1"]
[WhiteElo "1824"]
[BlackElo "2038"]
[PlyCount "102"]
[EventDate "2014.??.??"]

1. d4 f5 2. Nf3 Nf6 3. c4 g6 4. g3 Bg7 5. Bg2 d6 6. O-O O-O 7. Nc3 Qe8 8. d5 c6
9. Nd4 Bd7 10. Re1 Na6 11. e4 Nxe4 12. Nxe4 fxe4 13. Rxe4 Nc5 14. Re1 Qf7 15.
Be3 e5 16. Nb3 Nxb3 17. Qxb3 c5 18. Qc2 Bf5 19. Be4 h5 20. h4 Kh7 21. a4 a5 22.
Ra3 Bh6 23. Bxh6 Kxh6 24. Rb3 Qd7 25. Rb5 Rf7 26. Qd2+ Kh7 27. Bg2 Qc7 28. f4
exf4 29. Qxf4 Re7 30. Rxe7+ Qxe7 31. Qd2 Qc7 32. Rb3 Re8 33. Re3 Rxe3 34. Qxe3
Qf7 35. Bf3 Bd7 36. Bd1 Qf6 37. b3 Bf5 38. Kh2 Kg7 39. Qe8 Bd3 40. Qe3 Bf5 41.
Kg2 Kf7 42. Kh2 b6 43. Kg2 Qe7 44. Qf2 Qe4+ 45. Kh2 Qd3 46. Qe1 Qd4 47. Qf1
Qd2+ 48. Kg1 Kg7 49. Kh1 Bd3 50. Qf3 Qe1+ 51. Kh2 Be4 0-1

[Event "29ème Open International d'Echecs d'Avoi"]
[Site "Avoine"]
[Date "2014.07.19"]
[Round "6.44"]
[White "Maloberti, David"]
[Black "Chargelegue, Thomas"]
[Result "0-1"]
[WhiteElo "2037"]
[BlackElo "1876"]
[PlyCount "90"]
[EventDate "2014.??.??"]

1. d4 Nf6 2. c4 g6 3. Nc3 d5 4. cxd5 Nxd5 5. e4 Nxc3 6. bxc3 Bg7 7. Bc4 c5 8.
Ne2 Nc6 9. Be3 O-O 10. O-O b6 11. Rc1 Bb7 12. f4 e6 13. dxc5 Na5 14. Bd3 Qc7
15. cxb6 axb6 16. Bd4 e5 17. fxe5 Bxe5 18. Bxe5 Qxe5 19. Ng3 Qc5+ 20. Kh1 Nc6
21. Bb1 Ne5 22. Qd4 Rfd8 23. Qxc5 bxc5 24. Rfd1 Rxd1+ 25. Rxd1 Ra3 26. Ne2 Ba6
27. Rd8+ Kg7 28. Ra8 Nc4 29. Kg1 Bb5 30. Rb8 Ba6 31. Rd8 Ne5 32. Ra8 Nc4 33.
Bd3 Bb7 34. Rxa3 Nxa3 35. Kf2 c4 36. Bxc4 Nxc4 37. Ng3 Kf6 38. Ke2 Ke5 39. Kd3
Ba6 40. Kc2 Nd6 41. Kb3 Nxe4 42. Kb4 Nxg3 43. hxg3 Kd6 44. a4 Bf1 45. g4 g5 0-1

[Event "29ème Open International d'Echecs d'Avoi"]
[Site "Avoine"]
[Date "2014.07.19"]
[Round "6.45"]
[White "Lucidarme, Damien"]
[Black "Amarger, Vincent"]
[Result "0-1"]
[WhiteElo "1810"]
[BlackElo "2035"]
[PlyCount "68"]
[EventDate "2014.??.??"]

1. e4 d6 2. Nc3 Nf6 3. Bc4 c6 4. Bb3 Bg4 5. f3 Bh5 6. d3 e5 7. Nge2 Nbd7 8. a3
Nc5 9. Ba2 d5 10. g4 d4 11. Nb1 Bg6 12. h4 h5 13. g5 Nfd7 14. f4 f5 15. gxf6
Nxf6 16. f5 Bf7 17. Bxf7+ Kxf7 18. Nd2 Ng4 19. Nf3 Be7 20. Ng3 Nd7 21. Ng5+
Bxg5 22. hxg5 g6 23. f6 Nc5 24. Qf3 Qb6 25. Nf1 Ne6 26. b3 Qa5+ 27. b4 Qa4 28.
Kd1 c5 29. Rb1 c4 30. Kd2 Rac8 31. dxc4 d3 32. Rb2 Nd4 33. Qg3 Rxc4 34. c3 Nb3+
0-1

[Event "29ème Open International d'Echecs d'Avoi"]
[Site "Avoine"]
[Date "2014.07.19"]
[Round "6.46"]
[White "Sobry, Sebastien"]
[Black "Caille, Hugo"]
[Result "1-0"]
[WhiteElo "2033"]
[BlackElo "1854"]
[PlyCount "97"]
[EventDate "2014.??.??"]

1. e4 e6 2. Qe2 Nf6 3. Nf3 d5 4. d3 dxe4 5. dxe4 b6 6. Bg5 Be7 7. c4 Bb7 8. Nc3
h6 9. Bd2 a6 10. O-O-O Nbd7 11. e5 Ng4 12. Bf4 h5 13. h3 Nh6 14. Rg1 g5 15. Be3
g4 16. Nd4 c5 17. Nc2 Qc7 18. Bf4 O-O-O 19. hxg4 Nxg4 20. f3 Ngxe5 21. Rxd7
Qxd7 22. Bxe5 f6 23. Bh2 Bd6 24. Rh1 Bxh2 25. Rxh2 h4 26. Ne1 Qd6 27. Rh3 Qf4+
28. Kc2 Qf5+ 29. Kb3 e5 30. Qe3 Rd4 31. Bd3 Qe6 32. g4 Qd6 33. Bf5+ Kb8 34. Ne2
Rd1 35. Nd3 Rd8 36. Kc2 Rf1 37. Nc3 Qd4 38. Qe2 Qg1 39. Ne4 Rxd3 40. Qxd3 Qg2+
41. Nd2 Qxh3 42. Qxf1 Qg3 43. Ne4 Bxe4+ 44. Bxe4 h3 45. Qd3 Kc7 46. Qd5 Qf2+
47. Kb3 b5 48. Qc6+ Kd8 49. Qxf6+ 1-0

[Event "29ème Open International d'Echecs d'Avoi"]
[Site "Avoine"]
[Date "2014.07.19"]
[Round "6.47"]
[White "Bernard, Alien"]
[Black "Afraoui, Anaelle"]
[Result "0-1"]
[WhiteElo "2027"]
[BlackElo "1838"]
[PlyCount "118"]
[EventDate "2014.??.??"]

1. g3 Nf6 2. Bg2 g6 3. e4 d6 4. Nc3 c5 5. d3 Nc6 6. h3 Bg7 7. f4 O-O 8. Nf3 e6
9. O-O Nd7 10. g4 f5 11. Ne2 Nd4 12. Ng3 Nb8 13. c3 Nxf3+ 14. Qxf3 Nc6 15. Be3
e5 16. gxf5 gxf5 17. Nh5 Qe7 18. fxe5 Nxe5 19. Qg3 Kh8 20. Bg5 Qf7 21. Nxg7
Qxg7 22. Qh4 Nxd3 23. Rf3 Ne5 24. Rg3 Ng6 25. Bh6 Qf6 26. Qh5 Re8 27. exf5 Qxf5
28. Rg5 Qe6 29. Rf1 Bd7 30. Rgf5 Bc6 31. Rf6 Qe2 32. Rf8+ Nxf8 33. Rxf8+ Rxf8
34. Qxe2 Rg8 35. Qe7 Rxg2+ 36. Kf1 Rg6 37. Bg5 Kg8 38. h4 Rf8+ 39. Kg1 h6 40.
Kh2 hxg5 41. h5 Rg7 42. Qe6+ Kh8 43. Qh6+ Kg8 44. Qe6+ Rff7 45. h6 Rh7 46. Qg6+
Kh8 47. Kg3 g4 48. Qxd6 Re7 49. Qf6+ Kg8 50. Qg6+ Kf8 51. Qf5+ Rhf7 52. Qxc5
Rf3+ 53. Kxg4 Rff7 54. Qd6 Bd7+ 55. Kg5 Kg8 56. Qb8+ Re8 57. Qxb7 Rf5+ 58. Kh4
Re4+ 59. Kg3 Rg4+ 0-1

[Event "29ème Open International d'Echecs d'Avoi"]
[Site "Avoine"]
[Date "2014.07.19"]
[Round "6.48"]
[White "Mourgues, Jean-Marie"]
[Black "Costa, Pierre-Jean"]
[Result "1-0"]
[WhiteElo "2019"]
[BlackElo "1813"]
[PlyCount "71"]
[EventDate "2014.??.??"]

1. e4 c5 2. c3 d5 3. exd5 Qxd5 4. d4 Nc6 5. Nf3 cxd4 6. cxd4 Nf6 7. Nc3 Qd6 8.
h3 a6 9. Bc4 g6 10. O-O Bg7 11. Re1 O-O 12. d5 Na5 13. Bf1 b5 14. Qd4 Nh5 15.
Qe4 e6 16. dxe6 Bxe6 17. Bg5 Rfe8 18. Red1 Qc7 19. Qb4 Nc4 20. Nd5 Bxd5 21.
Rxd5 Nxb2 22. Rc1 Qb7 23. Rdc5 Na4 24. Rc7 Qd5 25. Be3 Re6 26. Ng5 Ree8 27.
Nxf7 Qxa2 28. Nh6+ Bxh6 29. Bxh6 Qb2 30. Qd6 Rad8 31. Qc6 Qe5 32. g4 Nf6 33.
Qb7 Nb2 34. g5 Nh5 35. Rxh7 Nc4 36. Qf7# 1-0

[Event "29ème Open International d'Echecs d'Avoi"]
[Site "Avoine"]
[Date "2014.07.19"]
[Round "6.49"]
[White "Henno, Francois"]
[Black "Davy, Bruno"]
[Result "1-0"]
[WhiteElo "2004"]
[BlackElo "1803"]
[PlyCount "109"]
[EventDate "2014.??.??"]

1. e4 c5 2. Nf3 e6 3. g3 d5 4. exd5 exd5 5. d4 Nc6 6. Bg2 Nf6 7. O-O Be6 8. Bg5
Be7 9. dxc5 h6 10. Be3 Ne4 11. Nd4 Nxd4 12. Bxd4 O-O 13. b4 a5 14. c3 axb4 15.
cxb4 b5 16. cxb6 Bxb4 17. a4 Ba5 18. Na3 Bxb6 19. Nb5 f5 20. f4 Bd7 21. Kh1 Bc6
22. Qd3 h5 23. Qe3 Bxd4 24. Nxd4 Bxa4 25. Ne6 Qd7 26. Nxf8 Rxf8 27. Qd4 Bc6 28.
Ra7 Bb7 29. Rb1 Nd6 30. Bxd5+ Rf7 31. Raxb7 Nxb7 32. Rxb7 Qxb7 33. Bxb7 Rxb7
34. Qd8+ Kh7 35. Qd5 Rb1+ 36. Kg2 g6 37. Qf7+ Kh6 38. Qg8 Rb7 39. Qh8+ Rh7 40.
Qf6 Rb7 41. Kf2 Kh7 42. Ke3 Rd7 43. Qe6 Rb7 44. Kd4 Ra7 45. Ke5 Kg7 46. Qf6+
Kh7 47. Qb6 Rf7 48. Qd8 Kg7 49. Ke6 Rb7 50. Qd4+ Kh7 51. Kf6 Rg7 52. Kg5 Rg8
53. Qd7+ Rg7 54. Qe8 Rg8 55. Qxg8+ 1-0

[Event "29ème Open International d'Echecs d'Avoi"]
[Site "Avoine"]
[Date "2014.07.19"]
[Round "6.50"]
[White "Afraoui, Solenn"]
[Black "Gaftarnik, Olivier"]
[Result "1-0"]
[WhiteElo "1985"]
[BlackElo "1793"]
[PlyCount "45"]
[EventDate "2014.??.??"]

1. e4 c5 2. Nf3 d6 3. d4 cxd4 4. Qxd4 a6 5. h3 Nc6 6. Qe3 g6 7. c4 Bg7 8. Nc3
Nf6 9. Be2 O-O 10. Bd2 e6 11. Rd1 d5 12. Bc1 Qa5 13. exd5 exd5 14. O-O dxc4 15.
Bxc4 b5 16. Bb3 Bb7 17. Rd6 Rad8 18. Rfd1 Rxd6 19. Rxd6 h6 20. Qf4 Nh5 21. Qh4
Bxc3 22. Rxg6+ Kh7 23. Rxh6+ 1-0